000 01830nam0a2200373 4500
001 RU\NLR\bibl\1097163
005 20250615054232.0
010 _a978-5-89144-865-0
_94000
021 _aRU
_b2007-30045
_91595
035 _a(nilc)RSL-KNO-003117957
035 _a(NLR Aleph) 001084272
090 _a1078013
_c1078013
100 _a20070514d2007 |||y0rusy50 ca
101 0 _arus
102 _aRU
105 _ay |||||||||
200 1 _aКоллективное творчество дошкольников
_eконспекты занятий
_f[Г.В. Кушнир и др.]
_gпод ред. А. А. Горибовской
210 _aМосква
_cСфера
_d2007
215 _a185, [2] с.
_d20
225 1 _aСерия "Вместе с детьми"
606 1 _aДошкольники
_xОбучение рисованию
_9888265
_3RU\NLR\auth\66486
606 1 _aРисование
_xПреподавание
_xНачальная школа
_92210630
_3RU\NLR\auth\661327964
610 0 _aКультура. Наука. Просвещение -- Народное образование. Педагогические науки -- Дошкольное воспитание. Дошкольная педагогика -- Дошкольная педагогика -- Российская Федерация -- Теория обучения в дошкольном возрасте -- Организация занятий в детском саду
686 _aЧ411,6(2)381,0
_2rubbk
686 _aЧ411.355.82
686 _aЧ426.64,01
702 1 _aКушнир
_bГ. В.
_4220
702 1 _aГрибовская
_bА. А.
_4340
801 0 _aRU
_bРКП
_c20070514
_grcr
801 1 _aRU
_bРГБ
_c20070514
801 2 _aRU
_bNLR
_c20070613
_grcr
942 _cBOOK
980 _aNB